[Event "MCR mladeze v rapidu 2019"]
[Site "Trest"]
[Date "2019.09.07"]
[Round "5"]
[White "Zelbova, Lada"]
[Black "Dudkova, Josefina"]
[Result "1-0"]
[BlackElo "1407"]
[WhiteElo "1521"]
[LiveChessVersion "1.4.8"]

1. d4 {[%clk 0:20:08]} Nf6 {[%clk 0:20:03]} 2. Nf3 {[%clk 0:20:11]} d5
{[%clk 0:20:02]} 3. Bf4 {[%clk 0:20:10]} Bf5 {[%clk 0:19:54]} 4. e3
{[%clk 0:20:11]} a6 {[%clk 0:19:31]} 5. Bd3 {[%clk 0:19:56]} Bxd3
{[%clk 0:19:24]} 6. Qxd3 {[%clk 0:19:55]} e6 {[%clk 0:19:21]} 7. Nbd2
{[%clk 0:19:10]} Nbd7 {[%clk 0:18:58]} 8. c4 {[%clk 0:18:29]} c5 {[%clk 0:18:28]}
9. cxd5 {[%clk 0:17:02]} Nxd5 {[%clk 0:18:00]} 10. Bg3 {[%clk 0:15:20]} Qb6
{[%clk 0:16:48]} 11. O-O {[%clk 0:13:36]} Bd6 {[%clk 0:16:07]} 12. Nc4
{[%clk 0:13:19]} Qc6 {[%clk 0:12:10]} 13. Nxd6+ {[%clk 0:13:13]} Ke7
{[%clk 0:12:07]} 14. Nc4 {[%clk 0:12:19]} b5 {[%clk 0:11:32]} 15. Nce5
{[%clk 0:12:18]} Nxe5 {[%clk 0:11:23]} 16. Nxe5 {[%clk 0:12:21]} Qb6
{[%clk 0:11:16]} 17. dxc5 {[%clk 0:11:58]} Qxc5 {[%clk 0:10:55]} 18. Rac1
{[%clk 0:11:57]} Qb6 {[%clk 0:10:51]} 19. e4 {[%clk 0:11:37]} Nf6
{[%clk 0:10:00]} 20. Rc6 {[%clk 0:11:02]} Qb7 {[%clk 0:09:03]} 21. Qd6+
{[%clk 0:10:50]} Ke8 {[%clk 0:08:51]} 22. Rc7 {[%clk 0:10:32]} 1-0

[Event "MCR mladeze v rapidu 2019"]
[Site "Trest"]
[Date "2019.09.07"]
[Round "5"]
[White "Veverkova, Dorota"]
[Black "Havelkova, Beata"]
[Result "0-1"]
[BlackElo "1541"]
[WhiteElo "1366"]
[LiveChessVersion "1.4.8"]

1. e4 {[%clk 0:20:07]} c5 {[%clk 0:20:10]} 2. Nf3 {[%clk 0:20:09]} d6
{[%clk 0:20:13]} 3. d4 {[%clk 0:20:13]} cxd4 {[%clk 0:20:16]} 4. Nxd4
{[%clk 0:20:16]} Nf6 {[%clk 0:20:19]} 5. Nc3 {[%clk 0:20:19]} g6 {[%clk 0:20:22]}
6. Bc4 {[%clk 0:20:22]} Bg7 {[%clk 0:20:26]} 7. Be3 {[%clk 0:20:07]} Nc6
{[%clk 0:20:29]} 8. f3 {[%clk 0:20:04]} O-O {[%clk 0:20:31]} 9. Qd2
{[%clk 0:20:07]} Bd7 {[%clk 0:20:31]} 10. O-O-O {[%clk 0:20:08]} Rc8
{[%clk 0:20:35]} 11. g4 {[%clk 0:19:53]} Nxd4 {[%clk 0:20:22]} 12. Qxd4
{[%clk 0:19:45]} Nxg4 {[%clk 0:20:21]} 13. Qd3 {[%clk 0:19:17]} Nxe3
{[%clk 0:20:22]} 14. Qxe3 {[%clk 0:19:09]} Rxc4 {[%clk 0:20:25]} 15. h4
{[%clk 0:18:48]} h5 {[%clk 0:19:55]} 16. f4 {[%clk 0:18:28]} Bg4 {[%clk 0:19:24]}
17. Rdg1 {[%clk 0:18:18]} Kh7 {[%clk 0:19:20]} 18. f5 {[%clk 0:17:58]} Bh6
{[%clk 0:19:23]} 19. Qxh6+ {[%clk 0:17:52]} Kxh6 {[%clk 0:19:26]} 20. fxg6
{[%clk 0:17:42]} fxg6 {[%clk 0:19:29]} 21. Re1 {[%clk 0:17:33]} Qb6
{[%clk 0:19:04]} 22. Rhg1 {[%clk 0:17:11]} Qf2 {[%clk 0:18:42]} 23. a3
{[%clk 0:16:28]} Qf4+ {[%clk 0:18:28]} 24. Kb1 {[%clk 0:16:12]} Qd2
{[%clk 0:18:30]} 25. Rh1 {[%clk 0:15:33]} Rf2 {[%clk 0:18:30]} 26. Ka2
{[%clk 0:14:59]} Qxc2 {[%clk 0:18:32]} 27. Rb1 {[%clk 0:14:55]} Rxc3
{[%clk 0:18:34]} 28. Rhe1 {[%clk 0:14:37]} Be6+ {[%clk 0:18:36]} 29. Ka1
{[%clk 0:14:39]} Rxa3+ {[%clk 0:18:36]} 30. bxa3 {[%clk 0:14:42]} Qa2#
{[%clk 0:18:39]} 0-1

[Event "MCR mladeze v rapidu 2019"]
[Site "Trest"]
[Date "2019.09.07"]
[Round "5"]
[White "Jackovicova, Zuzana"]
[Black "Sehnoutkova, Laura"]
[Result "0-1"]
[BlackElo "1462"]
[WhiteElo "1178"]
[LiveChessVersion "1.4.8"]

1. e4 {[%clk 0:20:08]} c5 {[%clk 0:20:09]} 2. Nf3 {[%clk 0:20:11]} Nc6
{[%clk 0:20:13]} 3. d4 {[%clk 0:20:14]} cxd4 {[%clk 0:20:16]} 4. Nxd4
{[%clk 0:20:16]} g6 {[%clk 0:20:19]} 5. Nc3 {[%clk 0:20:18]} Bg7 {[%clk 0:20:22]}
6. Be3 {[%clk 0:20:18]} Nf6 {[%clk 0:20:24]} 7. Be2 {[%clk 0:20:17]} O-O
{[%clk 0:20:19]} 8. O-O {[%clk 0:20:17]} d5 {[%clk 0:20:00]} 9. Bf3
{[%clk 0:20:09]} dxe4 {[%clk 0:19:37]} 10. Bxe4 {[%clk 0:20:04]} Nxe4
{[%clk 0:19:37]} 11. Nxe4 {[%clk 0:20:04]} Nxd4 {[%clk 0:19:39]} 12. Bxd4
{[%clk 0:20:00]} Qxd4 {[%clk 0:19:40]} 13. Qxd4 {[%clk 0:19:55]} Bxd4
{[%clk 0:19:42]} 14. Rab1 {[%clk 0:19:53]} Bf5 {[%clk 0:19:40]} 15. Rfe1
{[%clk 0:19:23]} Rac8 {[%clk 0:19:34]} 16. c3 {[%clk 0:18:54]} Bg7
{[%clk 0:19:22]} 17. Rbd1 {[%clk 0:18:43]} Rcd8 {[%clk 0:19:19]} 18. Rc1
{[%clk 0:18:28]} Bxe4 {[%clk 0:18:48]} 19. Rxe4 {[%clk 0:18:26]} Rd7
{[%clk 0:18:45]} 20. Rce1 {[%clk 0:17:35]} Re8 {[%clk 0:18:34]} 21. R4e2
{[%clk 0:17:25]} Red8 {[%clk 0:18:26]} 22. g3 {[%clk 0:17:17]} e6
{[%clk 0:18:28]} 23. a3 {[%clk 0:17:05]} Rd2 {[%clk 0:18:29]} 24. Kf1
{[%clk 0:16:39]} Bh6 {[%clk 0:18:14]} 25. a4 {[%clk 0:16:05]} Rxe2
{[%clk 0:18:14]} 26. Rxe2 {[%clk 0:15:32]} Rd2 {[%clk 0:18:13]} 27. b3
{[%clk 0:15:04]} Rxe2 {[%clk 0:18:13]} 28. Kxe2 {[%clk 0:15:07]} f5
{[%clk 0:18:16]} 29. c4 {[%clk 0:15:05]} Kf8 {[%clk 0:18:18]} 30. b4
{[%clk 0:15:07]} Ke7 {[%clk 0:18:22]} 31. c5 {[%clk 0:15:08]} Kd7
{[%clk 0:18:25]} 32. b5 {[%clk 0:15:10]} Bf8 {[%clk 0:18:11]} 33. a5
{[%clk 0:15:09]} Bxc5 {[%clk 0:18:13]} 34. a6 {[%clk 0:15:04]} bxa6
{[%clk 0:18:13]} 35. bxa6 {[%clk 0:15:06]} Kc6 {[%clk 0:18:14]} 36. f3
{[%clk 0:14:56]} Kb6 {[%clk 0:18:17]} 37. Kd3 {[%clk 0:14:55]} Kxa6
{[%clk 0:18:15]} 38. Kc4 {[%clk 0:14:58]} Kb6 {[%clk 0:18:18]} 39. Kd3
{[%clk 0:15:00]} Kb5 {[%clk 0:18:17]} 40. Kc3 {[%clk 0:15:02]} a5
{[%clk 0:18:19]} 41. Kb3 {[%clk 0:15:04]} a4+ {[%clk 0:18:19]} 42. Kb2
{[%clk 0:15:08]} Kb4 {[%clk 0:18:22]} 43. Kb1 {[%clk 0:15:08]} Kb3
{[%clk 0:18:24]} 44. Ka1 {[%clk 0:15:11]} Bd4+ {[%clk 0:18:26]} 45. Kb1
{[%clk 0:15:14]} a3 {[%clk 0:18:29]} 46. Kc1 0-1

[Event "MCR mladeze v rapidu 2019"]
[Site "Trest"]
[Date "2019.09.07"]
[Round "5"]
[White "Sikorova, Jana"]
[Black "Barteckova, Denisa"]
[Result "0-1"]
[BlackElo "1373"]
[WhiteElo "1309"]
[LiveChessVersion "1.4.8"]

1. d4 {[%clk 0:20:08]} d5 {[%clk 0:20:09]} 2. Bf4 {[%clk 0:20:11]} Nc6
{[%clk 0:20:12]} 3. e3 {[%clk 0:20:07]} a6 {[%clk 0:19:48]} 4. c4
{[%clk 0:19:54]} Nf6 {[%clk 0:19:25]} 5. Nc3 {[%clk 0:19:34]} Bg4
{[%clk 0:18:50]} 6. Nf3 {[%clk 0:19:29]} e6 {[%clk 0:18:42]} 7. Be2
{[%clk 0:19:17]} Bb4 {[%clk 0:18:28]} 8. O-O {[%clk 0:18:56]} O-O
{[%clk 0:18:17]} 9. a3 {[%clk 0:18:35]} Bxc3 {[%clk 0:18:10]} 10. bxc3
{[%clk 0:18:34]} Bxf3 {[%clk 0:17:51]} 11. Bxf3 {[%clk 0:18:29]} dxc4
{[%clk 0:17:50]} 12. Be2 {[%clk 0:18:17]} b5 {[%clk 0:17:20]} 13. a4
{[%clk 0:17:39]} Nd5 {[%clk 0:16:08]} 14. Qc2 {[%clk 0:16:34]} Nxf4
{[%clk 0:15:35]} 15. exf4 {[%clk 0:16:13]} Ne7 {[%clk 0:14:59]} 16. Rfb1
{[%clk 0:16:00]} Nd5 {[%clk 0:14:30]} 17. g3 {[%clk 0:15:32]} c6 {[%clk 0:14:34]}
18. Bf3 {[%clk 0:14:17]} g6 {[%clk 0:14:04]} 19. Ra3 {[%clk 0:13:33]} Qd6
{[%clk 0:13:31]} 20. Rba1 {[%clk 0:12:30]} Nb6 {[%clk 0:12:37]} 21. axb5
{[%clk 0:11:48]} axb5 {[%clk 0:12:17]} 22. Ra6 {[%clk 0:11:06]} Rxa6
{[%clk 0:12:11]} 23. Rxa6 {[%clk 0:11:02]} Nd5 {[%clk 0:12:12]} 24. Qb2
{[%clk 0:09:56]} Rb8 {[%clk 0:11:32]} 25. Qa1 {[%clk 0:09:22]} b4
{[%clk 0:10:38]} 26. cxb4 {[%clk 0:08:35]} Rxb4 {[%clk 0:10:25]} 27. Ra3
{[%clk 0:07:48]} c3 {[%clk 0:09:17]} 28. Ra4 {[%clk 0:06:15]} c2 {[%clk 0:08:19]}
29. Rxb4 {[%clk 0:05:09]} Qxb4 {[%clk 0:08:13]} 30. Be4 {[%clk 0:04:50]} Qd2
{[%clk 0:07:15]} 31. Bxc2 {[%clk 0:03:02]} Qxc2 {[%clk 0:07:16]} 32. Qa8+
{[%clk 0:02:38]} Kg7 {[%clk 0:07:11]} 33. Qb8 {[%clk 0:02:28]} Qe4
{[%clk 0:06:39]} 34. Qb2 {[%clk 0:02:06]} Nf6 {[%clk 0:06:15]} 35. Qc3
{[%clk 0:01:36]} Kg8 {[%clk 0:05:47]} 36. Qb2 {[%clk 0:00:57]} Ng4
{[%clk 0:05:35]} 37. Qb8+ {[%clk 0:00:27]} Kg7 {[%clk 0:05:39]} 38. Qb2
{[%clk 0:00:30]} h5 {[%clk 0:03:49]} 39. d5+ {[%clk 0:00:30]} Kg8
{[%clk 0:03:45]} 40. Qb8+ {[%clk 0:00:25]} Kh7 {[%clk 0:03:37]} 41. Qb2
{[%clk 0:00:21]} cxd5 {[%clk 0:03:07]} 42. h3 {[%clk 0:00:16]} Nh6
{[%clk 0:02:59]} 43. Qf6 {[%clk 0:00:12]} Qf5 {[%clk 0:02:38]} 44. Qxf5
{[%clk 0:00:08]} Nxf5 {[%clk 0:02:40]} 45. g4 {[%clk 0:00:08]} hxg4
{[%clk 0:02:43]} 46. hxg4 {[%clk 0:00:11]} Nd4 {[%clk 0:02:45]} 47. Kg2
{[%clk 0:00:15]} f6 {[%clk 0:02:44]} 48. Kf1 {[%clk 0:00:16]} e5 {[%clk 0:02:40]}
49. fxe5 {[%clk 0:00:16]} fxe5 {[%clk 0:02:43]} 50. Ke1 {[%clk 0:00:15]} Kh6
{[%clk 0:02:47]} 51. Kd2 {[%clk 0:00:14]} Kg5 {[%clk 0:02:51]} 52. Ke3
{[%clk 0:00:09]} Kxg4 0-1

[Event "MCR mladeze v rapidu 2019"]
[Site "Trest"]
[Date "2019.09.07"]
[Round "5"]
[White "Zelba, Lukas"]
[Black "Roubal, Matyas"]
[Result "1-0"]
[BlackElo "1561"]
[WhiteElo "1656"]
[LiveChessVersion "1.4.8"]

1. d4 {[%clk 0:20:07]} d5 {[%clk 0:20:09]} 2. Bf4 {[%clk 0:20:10]} Nc6
{[%clk 0:20:03]} 3. e3 {[%clk 0:20:04]} Nf6 {[%clk 0:19:29]} 4. Nd2
{[%clk 0:20:02]} Bd7 {[%clk 0:19:12]} 5. c3 {[%clk 0:19:58]} e6 {[%clk 0:19:14]}
6. Bd3 {[%clk 0:19:56]} Be7 {[%clk 0:18:55]} 7. h3 {[%clk 0:19:58]} O-O
{[%clk 0:18:56]} 8. Qc2 {[%clk 0:19:58]} h6 {[%clk 0:18:54]} 9. Ngf3
{[%clk 0:19:59]} Bd6 {[%clk 0:18:17]} 10. Ne5 {[%clk 0:19:51]} Qe7
{[%clk 0:17:25]} 11. Ndf3 {[%clk 0:19:39]} Nh5 {[%clk 0:16:46]} 12. Bh2
{[%clk 0:19:31]} Nxe5 {[%clk 0:16:04]} 13. dxe5 {[%clk 0:19:30]} Bc5
{[%clk 0:15:28]} 14. g4 {[%clk 0:19:33]} f5 {[%clk 0:14:42]} 15. gxh5
{[%clk 0:19:25]} Qf7 {[%clk 0:14:17]} 16. O-O-O {[%clk 0:18:42]} Qxh5
{[%clk 0:14:07]} 17. Be2 {[%clk 0:18:40]} Qxh3 {[%clk 0:12:29]} 18. Rdg1
{[%clk 0:18:21]} Qh5 {[%clk 0:12:27]} 19. Bf4 {[%clk 0:18:17]} Qe8
{[%clk 0:12:13]} 20. Bxh6 {[%clk 0:18:16]} Rf7 {[%clk 0:12:17]} 21. Nd4
{[%clk 0:18:14]} Qe7 {[%clk 0:11:52]} 22. Bh5 {[%clk 0:18:00]} Kf8
{[%clk 0:11:10]} 23. Bxf7 {[%clk 0:17:57]} gxh6 {[%clk 0:11:05]} 24. Rg8+
{[%clk 0:17:55]} Kxf7 {[%clk 0:11:05]} 25. Rxa8 {[%clk 0:17:57]} Kg7
{[%clk 0:10:30]} 26. f4 {[%clk 0:17:52]} Kh7 {[%clk 0:10:11]} 27. Qg2
{[%clk 0:17:43]} Be8 {[%clk 0:10:02]} 28. Qg5 {[%clk 0:17:18]} Qf8
{[%clk 0:08:33]} 29. Rxe8 {[%clk 0:17:10]} Qxe8 {[%clk 0:08:37]} 30. Rxh6# 1-0

[Event "MCR mladeze v rapidu 2019"]
[Site "Trest"]
[Date "2019.09.07"]
[Round "5"]
[White "Chernyy, Andrey"]
[Black "Juhanak, Daniel"]
[Result "0-1"]
[BlackElo "1635"]
[WhiteElo "1432"]
[LiveChessVersion "1.4.8"]

1. d4 {[%clk 0:20:07]} f5 {[%clk 0:19:57]} 2. c4 {[%clk 0:20:07]} Nf6
{[%clk 0:20:00]} 3. Nc3 {[%clk 0:20:09]} g6 {[%clk 0:20:03]} 4. Nf3
{[%clk 0:20:11]} Bg7 {[%clk 0:20:04]} 5. e3 {[%clk 0:20:12]} O-O {[%clk 0:20:02]}
6. Bd3 {[%clk 0:20:14]} d6 {[%clk 0:19:37]} 7. O-O {[%clk 0:20:14]} Qe8
{[%clk 0:19:23]} 8. Bd2 {[%clk 0:20:12]} e5 {[%clk 0:19:26]} 9. Bc2
{[%clk 0:19:40]} e4 {[%clk 0:18:42]} 10. Ne1 {[%clk 0:19:42]} c6 {[%clk 0:17:58]}
11. Kh1 {[%clk 0:19:34]} Be6 {[%clk 0:17:23]} 12. Bb3 {[%clk 0:19:10]} Qf7
{[%clk 0:16:41]} 13. Qe2 {[%clk 0:19:05]} Nbd7 {[%clk 0:15:50]} 14. Nc2
{[%clk 0:18:47]} Nb6 {[%clk 0:15:18]} 15. Na3 {[%clk 0:18:41]} a5
{[%clk 0:14:28]} 16. c5 {[%clk 0:17:48]} Bxb3 {[%clk 0:13:48]} 17. axb3
{[%clk 0:17:50]} dxc5 {[%clk 0:13:41]} 18. dxc5 {[%clk 0:17:52]} Nbd7
{[%clk 0:13:29]} 19. Na4 {[%clk 0:17:18]} Qxb3 {[%clk 0:12:51]} 20. Nc4
{[%clk 0:17:02]} Qb5 {[%clk 0:11:44]} 21. Rfe1 {[%clk 0:16:27]} Nxc5
{[%clk 0:10:37]} 22. Nxc5 {[%clk 0:16:12]} Qxc5 {[%clk 0:10:41]} 23. Rac1
{[%clk 0:15:28]} Qb5 {[%clk 0:08:54]} 24. Qd1 {[%clk 0:15:11]} Rfd8
{[%clk 0:08:17]} 25. Qc2 {[%clk 0:15:05]} Nd5 {[%clk 0:07:47]} 26. b3
{[%clk 0:13:38]} Nb4 {[%clk 0:07:22]} 27. Bxb4 {[%clk 0:13:33]} Qxb4
{[%clk 0:07:25]} 28. h3 {[%clk 0:13:29]} Rd3 {[%clk 0:06:09]} 29. Rb1
{[%clk 0:13:21]} Rad8 {[%clk 0:05:40]} 30. Red1 {[%clk 0:13:14]} Qc5
{[%clk 0:04:20]} 31. Rxd3 {[%clk 0:12:51]} Rxd3 {[%clk 0:04:24]} 32. Rd1
{[%clk 0:12:44]} b5 {[%clk 0:03:12]} 33. Rxd3 {[%clk 0:12:37]} exd3
{[%clk 0:03:14]} 34. Qxd3 {[%clk 0:12:41]} bxc4 {[%clk 0:03:18]} 35. bxc4
{[%clk 0:12:34]} Qb6 {[%clk 0:02:58]} 36. Kh2 {[%clk 0:12:19]} Qb8+
{[%clk 0:02:09]} 37. g3 {[%clk 0:12:20]} a4 {[%clk 0:03:47]} 38. c5
{[%clk 0:12:14]} Qb5 {[%clk 0:02:59]} 39. Qd8+ {[%clk 0:12:12]} Bf8
{[%clk 0:03:02]} 40. Qe8 {[%clk 0:12:04]} Qxc5 {[%clk 0:02:37]} 41. Qe6+
{[%clk 0:12:02]} Kg7 {[%clk 0:02:41]} 42. Qd7+ {[%clk 0:12:00]} Be7
{[%clk 0:02:45]} 43. Qd1 {[%clk 0:11:52]} a3 {[%clk 0:02:46]} 44. Qa1+
{[%clk 0:11:54]} Bf6 {[%clk 0:02:50]} 45. Qd1 {[%clk 0:11:44]} Qd5
{[%clk 0:02:51]} 46. Qb1 {[%clk 0:11:45]} a2 {[%clk 0:02:50]} 47. Qb7+
{[%clk 0:11:46]} Qf7 {[%clk 0:02:53]} 48. Qxc6 {[%clk 0:11:48]} a1=Q
{[%clk 0:02:55]} 49. h4 {[%clk 0:11:47]} Qaa2 {[%clk 0:02:56]} 50. Qg2
{[%clk 0:11:46]} Qfd5 {[%clk 0:02:56]} 51. e4 {[%clk 0:11:49]} Qxe4
{[%clk 0:02:59]} 52. Qxe4 fxe4 53. g4 {[%clk 0:11:51]} Qxf2+ {[%clk 0:03:07]} 54.
Kh3 {[%clk 0:11:52]} Be5 {[%clk 0:03:07]} 55. h5 {[%clk 0:11:55]} Qg3#
{[%clk 0:03:11]} 0-1

[Event "MCR mladeze v rapidu 2019"]
[Site "Trest"]
[Date "2019.09.07"]
[Round "5"]
[White "Bouska, Jiri"]
[Black "Delgerdalai, Bayarjavkhlan"]
[Result "0-1"]
[BlackElo "1491"]
[WhiteElo "1588"]
[LiveChessVersion "1.4.8"]

1. e4 e5 2. Nf3 Nc6 3. Bb5 a6 4. Ba4 b5 5. Bb3 Bc5 6. O-O d6 7. h3 Nf6 8. Re1 O-O
9. c3 Bb7 10. d4 exd4 11. cxd4 Bb6 12. Bg5 h6 13. Bh4 Re8 14. a3 g5 15. Bxg5 hxg5
16. Nxg5 Re7 17. d5 Ne5 18. Qd2 Ng6 19. Kh1 Nh7 20. Nxh7 Kxh7 21. f4 Re8 22. Nc3
Kg7 23. Rf1 f6 24. Rf3 Kf7 25. Rg3 Rg8 26. e5 f5 27. e6+ Ke7 28. Bc2 Qf8 29. Qe1
Qf6 30. Rd1 Nh4 31. Rdd3 Raf8 32. b4 Bc8 33. Bb1 Bb7 34. Ne2 Kd8 35. Nc3 Ke7 36.
a4 bxa4 37. Nxa4 Rc8 38. Ba2 Ba7 39. Rc3 Ng6 40. Qd2 c6 41. dxc6 Bxc6 42. Nb2 Bb7
43. Nc4 d5 44. Ne5 Rxc3 45. Qxc3 Kxe6 46. Qc7 Rg7 47. Qc2 Nxf4 48. Rxg7 Qxg7 49.
Nc6 Bb6 50. b5 axb5 51. Nb4 Qc7 52. Qd2 Qc5 53. Qxf4 Qg1# 0-1

[Event "MCR mladeze v rapidu 2019"]
[Site "Trest"]
[Date "2019.09.07"]
[Round "5"]
[White "Stary, Vojtech"]
[Black "Jasso, Matej"]
[Result "0-1"]
[BlackElo "1553"]
[WhiteElo "1460"]
[LiveChessVersion "1.4.8"]

1. e4 c5 2. Nf3 d6 3. d4 cxd4 4. Nxd4 Nf6 5. Nc3 a6 6. f3 e6 7. Be3 Bd7 8. Qd2
Be7 9. O-O-O O-O 10. g4 Nc6 11. h4 b5 12. h5 Qa5 13. Kb1 Ne5 14. g5 Ne8 15. f4
Nc4 16. Bxc4 bxc4 17. g6 Rb8 18. h6 fxg6 19. hxg7 Rf7 20. Rdf1 Qb4 21. b3 a5 22.
Nce2 Qxd2 23. Bxd2 Nxg7 24. Bxa5 cxb3 25. cxb3 Rbf8 26. Rh2 e5 27. Nc2 exf4 28.
Rhf2 f3 29. Ned4 Bh3 30. Rh1 Bh4 31. Rxh3 Bxf2 32. Kc1 Bxd4 33. Nxd4 f2 34. Nf3
f1=Q+ 35. Kc2 Rxf3 36. Rh2 Rf2+ 37. Rxf2 Qxf2+ 38. Kd3 Rf3+ 39. Kc4 Qc5# 0-1

[Event "MCR mladeze v rapidu 2019"]
[Site "Trest"]
[Date "2019.09.07"]
[Round "5"]
[White "Barteckova, Valerie"]
[Black "Horkova, Tereza"]
[Result "1-0"]
[BlackElo "1289"]
[WhiteElo "1282"]
[LiveChessVersion "1.4.8"]

1. e4 {[%clk 0:20:07]} e5 {[%clk 0:20:10]} 2. Nf3 {[%clk 0:20:10]} Nc6
{[%clk 0:20:14]} 3. Nc3 {[%clk 0:20:11]} Nf6 {[%clk 0:20:18]} 4. Bb5
{[%clk 0:20:14]} Bb4 5. O-O {[%clk 0:20:15]} O-O {[%clk 0:20:24]} 6. d3
{[%clk 0:20:18]} d6 {[%clk 0:20:27]} 7. Bg5 {[%clk 0:20:20]} Bg4 {[%clk 0:20:18]}
8. Nd5 {[%clk 0:20:23]} Re8 {[%clk 0:20:00]} 9. Bxc6 {[%clk 0:20:22]} bxc6
{[%clk 0:20:03]} 10. Nxb4 {[%clk 0:20:26]} Rb8 {[%clk 0:19:56]} 11. Nxc6
{[%clk 0:20:36]} Qd7 {[%clk 0:20:01]} 12. Nxb8 {[%clk 0:20:37]} Rxb8
{[%clk 0:20:05]} 13. b3 {[%clk 0:20:36]} Qe6 {[%clk 0:19:56]} 14. h3
{[%clk 0:20:35]} Bh5 {[%clk 0:19:55]} 15. Re1 {[%clk 0:20:33]} h6
{[%clk 0:19:56]} 16. Bh4 {[%clk 0:20:36]} Re8 {[%clk 0:19:51]} 17. Bg3
{[%clk 0:20:20]} g5 {[%clk 0:19:11]} 18. d4 {[%clk 0:20:17]} exd4
{[%clk 0:18:57]} 19. Nxd4 {[%clk 0:20:13]} Bxd1 {[%clk 0:18:43]} 20. Nxe6
{[%clk 0:20:14]} Bxc2 {[%clk 0:18:33]} 21. Nxc7 {[%clk 0:20:06]} Re7
{[%clk 0:18:14]} 22. Bxd6 {[%clk 0:19:55]} Rd7 {[%clk 0:18:17]} 23. Bg3
{[%clk 0:19:50]} Nxe4 {[%clk 0:17:57]} 24. Rac1 {[%clk 0:19:29]} Nxg3
{[%clk 0:16:23]} 25. fxg3 {[%clk 0:19:22]} Rxc7 {[%clk 0:16:23]} 26. Re2
{[%clk 0:19:10]} Rc3 {[%clk 0:16:00]} 27. Rcxc2 {[%clk 0:18:49]} Rxg3
{[%clk 0:15:59]} 28. Red2 {[%clk 0:18:27]} Re3 {[%clk 0:15:32]} 29. Rc7
{[%clk 0:17:58]} Re1+ {[%clk 0:15:31]} 30. Kh2 {[%clk 0:17:58]} Re6
{[%clk 0:15:20]} 31. Rdd7 {[%clk 0:17:58]} Rf6 {[%clk 0:15:21]} 32. Rxa7
{[%clk 0:17:57]} h5 {[%clk 0:15:12]} 33. a4 {[%clk 0:17:51]} g4 {[%clk 0:15:14]}
34. b4 gxh3 {[%clk 0:15:12]} 35. Kxh3 {[%clk 0:17:31]} Kg7 {[%clk 0:15:05]} 36.
b5 {[%clk 0:17:25]} Kg6 {[%clk 0:14:43]} 37. a5 {[%clk 0:17:21]} Re6
{[%clk 0:14:41]} 38. Rxf7 {[%clk 0:17:11]} Re3+ {[%clk 0:14:44]} 39. Kh2
{[%clk 0:17:11]} h4 {[%clk 0:14:42]} 40. Rg7+ {[%clk 0:17:12]} Kf5
{[%clk 0:14:40]} 41. Raf7+ {[%clk 0:17:13]} Ke4 {[%clk 0:14:43]} 42. Re7+
{[%clk 0:17:16]} Kd4 {[%clk 0:14:47]} 43. Rxe3 {[%clk 0:17:19]} Kxe3
{[%clk 0:14:50]} 44. b6 {[%clk 0:17:23]} h3 {[%clk 0:14:54]} 45. gxh3
{[%clk 0:17:18]} Ke2 {[%clk 0:14:55]} 46. Kg3 Ke1 {[%clk 0:14:54]} 47. Kf3
{[%clk 0:17:16]} Kd2 {[%clk 0:14:55]} 48. Rg4 {[%clk 0:17:13]} Kd3
{[%clk 0:14:58]} 49. h4 {[%clk 0:17:04]} Kc3 {[%clk 0:14:59]} 50. Re4
{[%clk 0:17:00]} Kd2 {[%clk 0:15:02]} 51. Re3 {[%clk 0:16:59]} Kc2
{[%clk 0:15:03]} 52. Ke4 {[%clk 0:17:02]} Kd2 {[%clk 0:15:07]} 53. Rh3
{[%clk 0:17:03]} Kc2 {[%clk 0:15:10]} 54. Kd4 {[%clk 0:17:07]} Kb2
{[%clk 0:15:14]} 55. Kc4 {[%clk 0:17:11]} Kc1 {[%clk 0:15:27]} 56. Kc3
{[%clk 0:17:22]} Kd1 {[%clk 0:15:27]} 57. Rh2 {[%clk 0:17:26]} Ke1
{[%clk 0:15:27]} 58. Ra2 {[%clk 0:17:30]} Kf1 {[%clk 0:15:33]} 59. Kd3
{[%clk 0:17:34]} Kg1 {[%clk 0:15:35]} 60. Ke3 {[%clk 0:17:38]} Kh1
{[%clk 0:15:39]} 61. Kf3 {[%clk 0:17:42]} Kg1 {[%clk 0:15:36]} 62. Kg3
{[%clk 0:17:47]} Kh1 {[%clk 0:15:36]} 63. Ra1# {[%clk 0:17:47]} 1-0

[Event "MCR mladeze v rapidu 2019"]
[Site "Trest"]
[Date "2019.09.07"]
[Round "5"]
[White "Buchtova, Viktorie"]
[Black "Lackova, Lucie"]
[Result "1-0"]
[BlackElo "1099"]
[WhiteElo "1325"]
[LiveChessVersion "1.4.8"]

1. e4 {[%clk 0:20:11]} e5 {[%clk 0:20:08]} 2. Nf3 {[%clk 0:20:15]} Nc6
{[%clk 0:20:12]} 3. d4 {[%clk 0:20:19]} exd4 {[%clk 0:20:13]} 4. c3
{[%clk 0:20:23]} dxc3 {[%clk 0:20:12]} 5. Nxc3 {[%clk 0:20:27]} Nf6
{[%clk 0:20:14]} 6. e5 {[%clk 0:20:29]} Ng4 {[%clk 0:20:07]} 7. h3
{[%clk 0:20:33]} Nh6 {[%clk 0:20:08]} 8. Bb5 {[%clk 0:20:27]} Bb4
{[%clk 0:20:03]} 9. O-O {[%clk 0:20:23]} O-O {[%clk 0:20:03]} 10. Bg5
{[%clk 0:19:12]} Qe8 {[%clk 0:19:59]} 11. Nd5 {[%clk 0:18:32]} d6
{[%clk 0:19:50]} 12. Bxc6 {[%clk 0:18:17]} Qxc6 {[%clk 0:19:30]} 13. Ne7+
{[%clk 0:18:20]} Kh8 {[%clk 0:19:30]} 14. Nxc6 {[%clk 0:18:22]} bxc6
{[%clk 0:19:34]} 15. exd6 {[%clk 0:18:12]} cxd6 {[%clk 0:19:36]} 16. Bxh6
{[%clk 0:18:14]} gxh6 {[%clk 0:19:38]} 17. Qd4+ {[%clk 0:18:18]} Kg8
{[%clk 0:19:37]} 18. Qxb4 {[%clk 0:18:22]} Kh8 {[%clk 0:19:29]} 19. Qxd6
{[%clk 0:18:10]} Rg8 {[%clk 0:19:27]} 20. Qxc6 {[%clk 0:18:00]} Bxh3
{[%clk 0:19:19]} 21. Qc3+ {[%clk 0:17:21]} Rg7 {[%clk 0:19:07]} 22. Nh4
{[%clk 0:17:13]} Rag8 {[%clk 0:19:04]} 23. Qxh3 {[%clk 0:17:10]} f6
{[%clk 0:18:39]} 24. Nf5 {[%clk 0:17:09]} Rg5 {[%clk 0:18:32]} 25. Nxh6
{[%clk 0:17:09]} R5g6 {[%clk 0:18:20]} 26. Nf5 {[%clk 0:16:56]} Rg5
{[%clk 0:18:02]} 27. g3 {[%clk 0:16:51]} Rg4 {[%clk 0:17:46]} 28. Kg2
{[%clk 0:16:48]} R4g5 {[%clk 0:17:41]} 29. Rh1 {[%clk 0:16:48]} R5g7
{[%clk 0:17:35]} 30. Nxg7 {[%clk 0:16:49]} Rxg7 {[%clk 0:17:39]} 31. Rad1
{[%clk 0:16:55]} f5 {[%clk 0:17:25]} 32. Rd8+ {[%clk 0:16:57]} Rg8
{[%clk 0:17:27]} 33. Qxh7# 1-0

[Event "MCR mladeze v rapidu 2019"]
[Site "Trest"]
[Date "2019.09.07"]
[Round "5"]
[White "Day, Sophia Olivia"]
[Black "Rybackova, Lucie"]
[Result "1-0"]
[BlackElo "1253"]
[WhiteElo "1159"]
[LiveChessVersion "1.4.8"]

1. e4 {[%clk 0:20:08]} e5 {[%clk 0:20:02]} 2. Nf3 {[%clk 0:20:10]} Nc6
{[%clk 0:20:00]} 3. Nc3 {[%clk 0:20:09]} Nf6 {[%clk 0:19:50]} 4. d4
{[%clk 0:20:11]} exd4 {[%clk 0:19:51]} 5. Nxd4 {[%clk 0:20:13]} Bb4
{[%clk 0:19:53]} 6. Nxc6 {[%clk 0:20:15]} bxc6 {[%clk 0:19:54]} 7. Bd3
{[%clk 0:20:09]} O-O {[%clk 0:19:35]} 8. O-O {[%clk 0:19:57]} Bxc3
{[%clk 0:19:37]} 9. bxc3 {[%clk 0:19:58]} Re8 {[%clk 0:19:34]} 10. Re1
{[%clk 0:19:54]} d6 {[%clk 0:19:31]} 11. Bg5 {[%clk 0:19:53]} h6 {[%clk 0:19:31]}
12. Bh4 {[%clk 0:19:54]} g5 {[%clk 0:18:49]} 13. Bg3 {[%clk 0:19:54]} Be6
{[%clk 0:18:20]} 14. e5 {[%clk 0:19:24]} Nd5 {[%clk 0:17:38]} 15. c4
{[%clk 0:18:39]} Ne7 {[%clk 0:16:39]} 16. Qh5 {[%clk 0:17:49]} Qd7
{[%clk 0:16:14]} 17. Qxh6 {[%clk 0:17:37]} Nf5 {[%clk 0:15:24]} 18. Qxg5+
{[%clk 0:17:19]} Kf8 {[%clk 0:15:08]} 19. Bxf5 {[%clk 0:17:09]} Bxf5
{[%clk 0:14:59]} 20. c3 {[%clk 0:15:49]} Bg6 {[%clk 0:14:33]} 21. Qh6+
{[%clk 0:15:22]} Kg8 {[%clk 0:13:47]} 22. Bh4 {[%clk 0:14:53]} Re6
{[%clk 0:12:34]} 23. Bf6 {[%clk 0:14:42]} Rxf6 {[%clk 0:10:58]} 24. exf6 Qd8
{[%clk 0:10:41]} 25. Qg7# {[%clk 0:14:36]} 1-0